Earthquake engineering for large dams / (Record no. 13306)
[ view plain ]
| 000 -LEADER | |
|---|---|
| fixed length control field | 00910nam a2200277 a 4500 |
| 001 - CONTROL NUMBER | |
| control field | 13306 |
| 003 - CONTROL NUMBER IDENTIFIER | |
| rucl marc code | BD-RjUL |
| 005 - DATE AND TIME OF LATEST TRANSACTION | |
| control field | 20211208235432.0 |
| 008 - FIXED-LENGTH DATA ELEMENTS--GENERAL INFORMATION | |
| fixed length control field | 140130s1985 rm a b 001 0 eng d |
| 020 ## - INTERNATIONAL STANDARD BOOK NUMBER | |
| International Standard Book Number | 0471900478 : |
| 035 ## - SYSTEM CONTROL NUMBER | |
| System control number | (BD-RjUL)13357 |
| 040 ## - CATALOGING SOURCE | |
| Original cataloging agency | DLC |
| Transcribing agency | DLC |
| Modifying agency | DLC |
| -- | BD-RjUL |
| Language of cataloging | eng |
| 041 1# - LANGUAGE CODE | |
| Language code of text/sound track or separate title | engrum |
| 082 00 - DEWEY DECIMAL CLASSIFICATION NUMBER | |
| Classification number | 627.8 |
| Edition number | 19 |
| Author mark and year | EAR 1985 |
| 245 10 - TITLE STATEMENT | |
| Title | Earthquake engineering for large dams / |
| Statement of responsibility, etc. | by Radu Prișcu ... [et al.]. |
| 250 ## - EDITION STATEMENT | |
| Edition statement | 2nd Rev Ed |
| 260 ## - PUBLICATION, DISTRIBUTION, ETC. (IMPRINT) | |
| Place of publication, distribution, etc. | București : |
| Name of publisher, distributor, etc. | Editora Academiei ; |
| Place of publication, distribution, etc. | Chichester ; |
| -- | New York : |
| Name of publisher, distributor, etc. | J. Wiley, |
| Date of publication, distribution, etc. | 1985 |
| 300 ## - PHYSICAL DESCRIPTION | |
| Pagination | 406 p. : |
| Illustrations | ill. ; |
| Size | 25 cm. |
| 500 ## - GENERAL NOTE | |
| General note | Translation of: Ingineria seismică a marilor baraje. |
| 504 ## - BIBLIOGRAPHY, ETC. NOTE | |
| Bibliography, etc | Includes bibliographies and index. |
| 650 #0 - SUBJECT ADDED ENTRY--TOPICAL TERM | |
| Topical term or geographic name as entry element | Dams |
| General subdivision | Earthquake effects. |
| 9 (RLIN) | 41436 |
| Topical term or geographic name as entry element | Earthquake engineering. |
| 9 (RLIN) | 33131 |
| 700 1# - ADDED ENTRY--PERSONAL NAME | |
| Personal name | Prișcu, Radu. |
| Dates associated with a name | 1921- |
| 942 ## - ADDED ENTRY ELEMENTS (KOHA) | |
| Source of classification or shelving scheme | Dewey Decimal Classification |
| Koha item type | Books |
| Lost status | Source of classification or shelving scheme | Damaged status | Not for loan | Collection code | Permanent Location | Current Location | Shelving location | Date acquired | Source of acquisition | Cost, normal purchase price | Total Checkouts | Full call number | Date last seen | Copy number | Koha item type |
|---|---|---|---|---|---|---|---|---|---|---|---|---|---|---|---|
| Dewey Decimal Classification | Not For Loan | Non-fiction | Central Library, University of Rajshahi | Central Library, University of Rajshahi | Reading Room | 29/01/1990 | Abacus London. | 36.95 | 627.8 EAR 1985 | 30/01/2014 | C-1 | Books | |||
| Dewey Decimal Classification | Non-fiction | Central Library, University of Rajshahi | Central Library, University of Rajshahi | 29/01/1990 | Aligorh library | 36.95 | 627.8 EAR 1985 | 29/11/2016 | C-2 | Books |